00425nam a2200181Ia 4500008004100000020001400041050001400055100002000069245003200089245002300121260001500144260001600159260000900175300001400184300002700198300001000225500000800235170918s9999 xx 000 0 und d a590925695 bR234 1995 aRathmann, Peggy aOfficer Buckle and Gloria / cby Peggy Rathmann. aNew York : bScholastic, c1995 aunpaged : bcolored illustration ; c28cm. a510